000 00498cam a2200193ua 4500
001 3827
008 111222n ii |||gr||||Z||||||asm
040 _cMAIN
082 _a780
100 _aHazarika, Biren,
_eEditor.,
245 1 1 _aGeetar suriya madee
_ced. by Biren Hazarika
250 _a1st.
260 _aSibsagarh:
_bUdayan prakashan,996.
300 _a221p:
_c23cm.
653 _aAssamese song
653 _aGeetar suriya madee
700 _aKalita, Prabin Chandra,
_eEditor.
942 _cBK
999 _c3651
_d3651